000 00803 a2200205 4500
010 _aENG-85219
020 _a8172112211
_c350.00
035 _aEN-68752
037 _bD.B.Act / Pub
082 1 4 _a332.041
090 _c1707
_d1707
100 1 _aRamachandran, K. S.
245 1 _aEfficiency of capital
_cby K. S. Ramachandran and Brijesh Kumar
_bNIILM 1000 corporates under the aegis of NIILM-CMS research programme
260 _aNew Delhi
_bNorthern Book Centre
_c2006.
260 _aNew Delhi
_bNIILM Centre for Management Studies
270 _a4221/1, Ansari Road, Darya Ganj
_bNew Delhi
_cDelhi
_e110002
_k23264519
_l23252651
300 _axvi, 239 p.
_c24 cm. (Pbk)
942 _adpl
_cEN
_k332.041 / RAM
999 _c1677
_d1677